[Event "GER-ch U16 Girls"]
[Site "Oberhof"]
[Date "2012.05.29"]
[Round "4"]
[White "Wulf, Constanze"]
[Black "Michels, Kim"]
[Result "1/2-1/2"]
[WhiteElo "1473"]
[BlackElo "1510"]
[PlyCount "81"]
[EventDate "2012.05.27"]
[EventType "swiss"]
[EventRounds "9"]
[EventCountry "GER"]
[SourceTitle "CBM 148 Extra"]
[Source "ChessBase"]
[SourceDate "2012.06.22"]
[SourceVersion "1"]
[SourceVersionDate "2012.06.22"]
[SourceQuality "1"]

1. d4 f5 2. Nc3 g6 3. h4 Nf6 4. h5 gxh5 5. e4 d6 6. Bd3 Nc6 7. Bg5 Ng4 8. exf5 Nxd4 9. Rxh5 Ne5 10. Be4 Nxf5 11. f4 Nf7 12. Qd3 Ng7 13. Rxh7 Rxh7 14. Bxh7 Nxg5 15. Qb5+ Qd7 16. Qxg5 Qg4 17. Bg6+ Kd8 18. Qxg4 Bxg4 19. Nge2 Nf5 20. Bxf5 Bxf5 21. 0-0-0 Bg7 22. Nd4 Bg4 23. Rd3 e5 24. Rg3 exd4 25. Rxg4 dxc3 26. Rxg7 cxb2+ 27. Kxb2 Rc8 28. g4 c5 29. Rg8+ Kd7 30. Rxc8 Kxc8 31. g5 Kd7 32. f5 d5 33. g6 Ke7 34. g7 Kf7 35. f6 b5 36. Kc3 a5 37. Kd3 b4 38. c3 c4+ 39. Kc2 bxc3 40. Kxc3 Kg8 41. Kd4 1/2-1/2

[Event "GER-ch U16 Girls"]
[Site "Oberhof"]
[Date "2012.05.27"]
[Round "1"]
[White "Michels, Kim"]
[Black "Winterholler, Christina"]
[Result "0-1"]
[WhiteElo "1510"]
[BlackElo "1822"]
[PlyCount "68"]
[EventDate "2012.05.27"]
[EventType "swiss"]
[EventRounds "9"]
[EventCountry "GER"]
[SourceTitle "CBM 148 Extra"]
[Source "ChessBase"]
[SourceDate "2012.06.22"]
[SourceVersion "1"]
[SourceVersionDate "2012.06.22"]
[SourceQuality "1"]

1. e4 e5 2. Nf3 Nc6 3. Bc4 Bc5 4. c3 Nf6 5. d3 d6 6. Bb3 h6 7. h3 a6 8. Nbd2 Ba7 9. Nf1 0-0 10. Ne3 Ne7 11. Nh4 d5 12. Qf3 Bxe3 13. Bxe3 Qd6 14. g4 dxe4 15. dxe4 Qd3 16. Rd1 Qxe4 17. Qxe4 Nxe4 18. Bc2 Nd6 19. Nf3 f6 20. Bb3+ Kh8 21. Rg1 b6 22. h4 Bb7 23. Nh2 Rad8 24. g5 fxg5 25. hxg5 h5 26. g6 Be4 27. Bg5 Rde8 28. Bxe7 Rxe7 29. f3 Bc6 30. Rxd6 cxd6 31. Rg5 d5 32. Rxh5+ Kg8 33. c4 Rd8 34. Ng4 b5 0-1

[Event "GER-ch U14 Girls"]
[Site "Oberhof"]
[Date "2010.05.24"]
[Round "3"]
[White "Michels, Kim"]
[Black "Lagunow, Elina"]
[Result "1-0"]
[WhiteElo "1675"]
[BlackElo "1683"]
[PlyCount "45"]
[EventDate "2010.05.22"]
[EventType "swiss"]
[EventRounds "9"]
[EventCountry "GER"]
[SourceTitle "CBM 136 Extra"]
[Source "ChessBase"]
[SourceDate "2010.07.02"]
[SourceVersion "2"]
[SourceVersionDate "2010.07.15"]
[SourceQuality "1"]

1. e4 c5 2. d4 cxd4 3. c3 dxc3 4. Nxc3 Nc6 5. Nf3 e6 6. Bc4 Nf6 7. 0-0 Qc7 8. h3 Bc5 9. Qe2 0-0 10. e5 d5 11. exf6 dxc4 12. fxg7 Kxg7 13. Qxc4 Ne7 14. Qg4+ Kh8 15. Bf4 Qa5 16. Bh6 Rg8 17. Ng5 Rxg5 18. Qxg5 Nf5 19. Rad1 Be7 20. Bg7+ Kg8 21. Bf6+ Kf8 22. Bxe7+ Nxe7 23. Qxa5 1-0

[Event "GER-ch U14 Girls"]
[Site "Oberhof"]
[Date "2010.05.23"]
[Round "1"]
[White "Michels, Kim"]
[Black "Spiegelberg, Silvia"]
[Result "0-1"]
[WhiteElo "1675"]
[BlackElo "1609"]
[PlyCount "98"]
[EventDate "2010.05.22"]
[EventType "swiss"]
[EventRounds "9"]
[EventCountry "GER"]
[SourceTitle "CBM 136 Extra"]
[Source "ChessBase"]
[SourceDate "2010.07.02"]
[SourceVersion "2"]
[SourceVersionDate "2010.07.15"]
[SourceQuality "1"]

1. e4 e5 2. Nf3 Nc6 3. Bc4 Bc5 4. c3 Nf6 5. d4 exd4 6. cxd4 Bb4+ 7. Nc3 Nxe4 8. 0-0 Bxc3 9. d5 Bf6 10. Re1 Ne7 11. Rxe4 d6 12. Bg5 Bxg5 13. Nxg5 h6 14. Nf3 0-0 15. Qe2 Ng6 16. Re1 Bd7 17. h4 Re8 18. h5 Nf8 19. Qd2 Nh7 20. Rxe8+ Bxe8 21. Qf4 Qf6 22. Qd4 Qxd4 23. Nxd4 Kf8 24. Re3 Nf6 25. Rh3 Bd7 26. Rh4 Re8 27. Nf3 Re4 28. Rxe4 Nxe4 29. Nd4 Nf6 30. Nb5 Bxb5 31. Bxb5 Nxd5 32. g4 Ke7 33. Kg2 Ke6 34. Kf3 Ke5 35. Bc4 f6 36. a3 Kd4 37. Ba2 c6 38. Bb3 Ke5 39. Bc2 Nb6 40. Bh7 Nc4 41. b4 Nxa3 42. Ke3 d5 43. f4+ Kd6 44. g5 hxg5 45. fxg5 fxg5 46. Kf3 Ke5 47. Kg4 Kf6 48. Bf5 Nc4 49. Bc8 Nd6 0-1

[Event "GER-ch U12"]
[Site "Willingen"]
[Date "2009.06.03"]
[Round "6"]
[White "Michels, Kim"]
[Black "Diederichs, Luise"]
[Result "0-1"]
[WhiteElo "1349"]
[BlackElo "1209"]
[PlyCount "62"]
[EventDate "2009.05.30"]
[EventType "swiss"]
[EventRounds "11"]
[EventCountry "GER"]
[SourceTitle "EXT 2010"]
[Source "ChessBase"]
[SourceDate "2010.11.25"]
[SourceVersion "1"]
[SourceVersionDate "2010.11.25"]
[SourceQuality "1"]

1. Nf3 e6 2. b3 Nf6 3. Bb2 b6 4. e3 d5 5. Be2 Bd6 6. 0-0 Bb7 7. Ne5 Nbd7 8. f4 c5 9. d3 Qc7 10. Nxd7 Qxd7 11. Nd2 0-0-0 12. Nf3 Ng4 13. Qd2 f5 14. h3 Nf6 15. Ne5 Qe7 16. Qe1 Rdg8 17. Ba3 Nd7 18. d4 g5 19. Nxd7 Kxd7 20. dxc5 Bxc5 21. Bb2 Bxe3+ 22. Kh1 d4 23. Rd1 gxf4 24. Bxd4 Bxd4 25. Rxd4+ Ke8 26. Bh5+ Kf8 27. Rf2 Qh4 28. Qxe6 Qxh3+ 29. Kg1 Rxg2+ 30. Kf1 Rg6+ 31. Ke1 Rxe6+ 0-1

[Event "GER-chT Lands U20"]
[Site "Dresden"]
[Date "2008.11.17"]
[Round "6.8"]
[White "Bluhm, Sonja Maria"]
[Black "Michels, Kim"]
[Result "1-0"]
[WhiteElo "1636"]
[BlackElo "1321"]
[PlyCount "87"]
[EventDate "2008.11.14"]
[EventType "team-swiss"]
[EventRounds "7"]
[EventCountry "GER"]
[SourceTitle "EXT 2010"]
[Source "ChessBase"]
[SourceDate "2010.11.25"]
[SourceVersion "1"]
[SourceVersionDate "2010.11.25"]
[SourceQuality "1"]
[WhiteTeam "Hessen"]
[BlackTeam "Thueringen"]
[WhiteTeamCountry "GER"]
[BlackTeamCountry "GER"]

1. e4 c5 2. Nf3 Nc6 3. d4 cxd4 4. Nxd4 g6 5. c4 Bg7 6. Be3 Nf6 7. Nc3 0-0 8. Be2 d6 9. Qd2 Bd7 10. 0-0 Ne5 11. f3 Rc8 12. b3 Qa5 13. Nd5 Qd8 14. Rad1 Nxd5 15. exd5 a5 16. h3 Be8 17. f4 Nd7 18. Bg4 Rb8 19. Bxd7 Bxd7 20. Nf3 a4 21. Qb4 axb3 22. axb3 b5 23. c5 Re8 24. c6 Bf5 25. g4 Bc8 26. Rc1 Qc7 27. Rf2 e6 28. Ra2 Qe7 29. Ra7 Qf8 30. c7 Rb7 31. Rxb7 Bxb7 32. Qxb5 Bxd5 33. Qxe8 Qxe8 34. c8Q Kf8 35. Qxe8+ Kxe8 36. Nd4 e5 37. Nb5 Bxb3 38. Nxd6+ Ke7 39. fxe5 Bxe5 40. Nb5 Ba4 41. Nd4 Kd6 42. Kf2 Kd5 43. Nf3 Bb2 44. Rc7 1-0